000 03969nab a2200313 i 4500
003 BR-BrBNA
005 20230822143637.0
008 230530b2020 bl.ar|pooa||| 00| 0 por |
040 _aBR-BrBNA
_bpor
072 _aP34
_b2110
100 _aSantos, Maria Aparecida N.
100 _aSousa, Carla S.
100 _aGross, Eduardo
100 _aOliveira Filho, Leoberto J. X
100 _aLima, Thâmara M.
100 _aGoto, Bruno T.
245 _aFungos micorrízicos arbusculares na cultura do cacaueiro I: ocorrência e diversidade em sistemas cacau-cabruca
500 _aPublicação on-line; 30 ref.; 6 tables; Summaries (En, Pt)
520 _aO presente estudo teve como objetivo avaliar a ocorrência e diversidade de fungos micorrízicos arbusculares (FMAs) em plantios de cacau-cabruca localizados na região do Sul da Bahia. Inicialmente, foram realizadas coletas de amostras de solo e raízes de plantas de cacaueiro, em dois períodos climáticos (seco e chuvoso), em seis áreas de cacau-cabruca. Nas amostras, foram realizadas: avaliação da densidade de esporos, caracterização química do solo, identificação taxonômica das espécies e avaliação da taxa de colonização micorrízica das raízes. Com exceção da área 1, que apresentou maior densidade de esporos no período chuvoso, a maior densidade de esporos foi registrada nas amostras de solo coletadas no período seco. Não houve interferência do período de coleta sobre a taxa de colonização das raízes das plantas de cacau. Foram identificadas um total de 26 espécies de fungos micorrízicos arbusculares, sendo registrada maior riqueza de espécies nas áreas 2 (11 espécies), com predominância dos gêneros Glomus e Acaulospora. Houve correlação positiva significativa entre taxa de colonização das raízes e os teores de Mg e pH do solo. Palavras-chave: micorrização, Theobroma cacao L., identificação taxonômica.
520 _aArbuscular mycorrhizal fungi in the cacaueiro I culture: Occurrence and diversity in cocoa-cabruca systems. The present study aimed to evaluate the occurrence and diversity of arbuscular mycorrhizal fungi (AMFs) in cocoa-cabruca plantations located in the southern region of Bahia. Initially, samples were collected from soil and roots of cacao plants, in two climatic periods (dry and rainy), in six areas of cacao-cabruca. In the samples, were carried out: evaluation of spore density, chemical characterization of the soil, taxonomic identification of the species and evaluation of the rate of mycorrhizal colonization of the roots. With the exception of area 1, which showed the highest spore density in the rainy season, the highest spore density was recorded in soil samples collected in the dry period. There was no interference from the collection period on the rate of colonization of the roots of cocoa plants. A total of 26 species of arbuscular mycorrhizal fungi were identified, with greater species richness recorded in areas 2 (11 species), with predominance of the genera Glomus and Acaulospora. There was a significant positive correlation between root colonization rate and soil Mg and pH levels. Key words: Mycorrhization, Theobroma cacao L., taxonomic identification.
650 _aMICORRIZA VESICULAR ARBUSCULAR
650 _aTHEOBROMA CACAO
650 _aTAXONOMIA
773 0 _01823
_96918
_dItabuna-BA Comissão Executiva do Plano de Lavoura Cacaueira 1989
_o2023-124816
_tAgrotrópica (Brazil)
_x0103-3816
_gv.32(3) p. 189-196; (Sep-Dec 2020)
_wBR2023000599
856 _uhttps://www.gov.br/agricultura/pt-br/assuntos/ceplac/publicacoes/revista-agrotropica/artigos/2020-DOI-10.21757/0103-3816-2020v32n3p189-196.pdf
856 _uhttps://www.gov.br/agricultura/pt-br/assuntos/ceplac/publicacoes/revista-agrotropica/revista-volumes/2000-a-2010/revista-agrotropica-vol-32-no-3-2020.pdf
942 _cAnalítica
999 _c9254
_d9254